000 00812nam a22002055i 4500
001 162428
003 ES-MaACL
005 20230906212525.0
008 990727s1900 sp |||| | spa d
040 _aCCPB | B
_bspa
_cCCPB | B
100 1 _aPontes y Fernández, José María.
_9131274
245 1 0 _aHistoria de la antigua ciudad de Sisapón, hoy Almaden del Azogue /
_cpor José María Pontes y Fernández.
260 _aMarrid [i.e. Madrid] :
_b[s.n.],
_c1900 (
_fimprenta y fotograbado de Enrique Rojas)
300 _a[8], 285, [9] p., [1] h. de grab. pleg., [3] h. de grab. ;
_c24 cm.
599 1 _a1 H. de fotograb. pleg. bl. y n.
599 1 _a3 H. de fot. bl. y n.
651 4 _aAlmadén (Ciudad Real)-
_xHistoria.
_9137026
752 _aEspaña -
_dMadrid
852 _aES-MaACL
_jG-179
_z-- Rúst.
999 _c162428
_d162428